000 00547nam a2200145 4500
008 011115s1935 enk 1 engLO
090 _aCT780.M6
_bB76
100 1 _aBridgett, T. E.
245 1 0 _aLife and writings of blessed Thomas More :
_bLord Chancellor of England and martyr under Henry VIII /
_cT. E. Bridgett.
260 _aLondon :
_bBurns Oates & Washbourne,
_cc1935.
300 _axxxii, 472 p.
504 _aIncludes index
600 1 4 _aMore, Sir Thomas, 1478-1535.
951 _p21286
_x00021181
_oCT780.M6/B76
_j070613111017750
_d2000-12-21
_cGC
999 _c4857
_d4857